The Hidden power / (Record no. 9634)

MARC details
000 -LEADER
fixed length control field 00647 a2200205 4500
010 ## - LIBRARY OF CONGRESS CONTROL NUMBER
LC control number ENG-88994
020 ## - INTERNATIONAL STANDARD BOOK NUMBER
Terms of availability 60.00
International Standard Book Number 8185378452
035 ## - SYSTEM CONTROL NUMBER
System control number EN-72527
037 ## - SOURCE OF ACQUISITION
Source of stock number/acquisition DBAD / PUB
082 14 - DEWEY DECIMAL CLASSIFICATION NUMBER
Classification number 230.35
090 ## - LOCALLY ASSIGNED LC-TYPE CALL NUMBER (OCLC); LOCAL CALL NUMBER (OCLC)
-- 9813
-- 9813
100 ## - MAIN ENTRY--PERSONAL NAME
Personal name Natarajan, A.R.
245 10 - TITLE STATEMENT
Title The Hidden power /
Statement of responsibility, etc by A.R. Natarajan
250 ## - EDITION STATEMENT
Edition statement 4th ed
260 ## - PUBLICATION, DISTRIBUTION, ETC. (IMPRINT)
Place of publication, distribution, etc Bangalore
Name of publisher, distributor, etc Ramana Maharshi Centre for Learning
Date of publication, distribution, etc 2006
270 ## - ADDRESS
Address Post Office Road, Sanjay Nagar,
City Bangalore
Postal code 560 094
300 ## - PHYSICAL DESCRIPTION
Extent 108p.
Dimensions 22 cm (pbk)
942 ## - ADDED ENTRY ELEMENTS (KOHA)
Institution code [OBSOLETE] dpl
Koha item type English Books
Call number prefix 230.35 / NAT
Holdings
Withdrawn status Lost status Source of classification or shelving scheme Damaged status Not for loan Collection code Home library Current library Source of acquisition Cost, normal purchase price Total Checkouts Full call number Barcode Date last seen Copy number Uniform Resource Identifier Cost, replacement price Price effective from Koha item type
    Dewey Decimal Classification   Not For Loan Non-fiction D.B.Act.Division D.B.Act.Division DBAD/PUB 60.00   230.35 EN-72527 15/09/2008 1 10622 60.00 15/09/2008 English Books

© Delhi Public Library
Hit Counter
free hit counter